000
00279nam a2200109 a 4500
005
20201002044924.0
008
140403s1971 000 spa d
100
_a
Lamartine, M. A., de
_9
71515
245
0
_a
Rafael.
260
_a
Madrid -- Libra,
_c
1971 -- 202 p.
999
_c
43181
_d
43181
040
_a
DO-SdBNP